住みたい街ランキングTOP20-2022年 - Statistics

General Stats
  • This quiz has been taken 6 times
  • The average score is 19 of 20
Answer Stats
順位 得票数 都道府県 自治体名 % Correct
1位 1,109 福岡県 福岡市
100%
2位 835 沖縄県 那覇市
100%
3位 625 神奈川県 横浜市
100%
4位 572 宮城県 仙台市
100%
5位 372 北海道 札幌市
100%
6位 371 大阪府 大阪市
100%
7位 320 東京都 港区
100%
8位 294 京都府 京都市
100%
9位 268 兵庫県 神戸市
100%
11位 215 東京都 千代田区
100%
12位 209 埼玉県 さいたま市
100%
13位 205 東京都 中央区
100%
14位 202 愛知県 名古屋市
100%
15位 201 東京都 世田谷区
100%
18位 186 千葉県 浦安市
100%
19位 152 石川県 金沢市
100%
20位 149 広島県 広島市
100%
15位 201 東京都 渋谷区
83%
17位 194 神奈川県 鎌倉市
83%
10位 222 東京都 新宿区
67%
No matching quizzes found
Score Distribution
Percent of People with Each Score
Percentile by Number Answered
Your Score History
You have not taken this quiz